Children and their Curriculum. (Record no. 2764)

MARC details
000 -LEADER
fixed length control field 00601nam a22001937a 4500
003 - CONTROL NUMBER IDENTIFIER
control field OSt
005 - DATE AND TIME OF LATEST TRANSACTION
control field 20151130174947.0
008 - FIXED-LENGTH DATA ELEMENTS--GENERAL INFORMATION
fixed length control field 151130b xxu||||| |||| 00| 0 eng d
020 ## - INTERNATIONAL STANDARD BOOK NUMBER
International Standard Book Number 0750705949
040 ## - CATALOGING SOURCE
Transcribing agency DDC.
082 ## - DEWEY DECIMAL CLASSIFICATION NUMBER
Classification number 372CHI 1997.
100 ## - MAIN ENTRY--PERSONAL NAME
Personal name Edited by Polland ,Andrew;Thiessen,Dennis;Filer Ann.
9 (RLIN) 6425
245 ## - TITLE STATEMENT
Title Children and their Curriculum.
Remainder of title The Perspective of Primary and Elementary School Children.
260 ## - PUBLICATION, DISTRIBUTION, ETC. (IMPRINT)
Place of publication, distribution, etc. London.
Name of publisher, distributor, etc. The Falmer Press.
Date of publication, distribution, etc. 1997.
300 ## - PHYSICAL DESCRIPTION
Extent vii,206p;
Other physical details ill:
Dimensions 23cm.
504 ## - BIBLIOGRAPHY, ETC. NOTE
Bibliography, etc includes index.
650 ## - SUBJECT ADDED ENTRY--TOPICAL TERM
Topical term or geographic name as entry element Children Curriculum.
9 (RLIN) 6426
942 ## - ADDED ENTRY ELEMENTS (KOHA)
Source of classification or shelving scheme Dewey Decimal Classification
Koha item type Short Loan
Holdings
Withdrawn status Lost status Source of classification or shelving scheme Damaged status Not for loan Home library Current library Date acquired Source of acquisition Inventory number Total Checkouts Full call number Barcode Date last seen Price effective from Koha item type
    Dewey Decimal Classification     MUST Main Library MUST Main Library 30/11/2015   2001/15870   372CHI 1997. 2015-2870 30/11/2015 30/11/2015 Short Loan
    Dewey Decimal Classification     MUST Main Library MUST Main Library 30/11/2015   2001/15870   372CHI 1997. 2015-2871 30/11/2015 30/11/2015 Short Loan